000 00247nam a22001097a 4500
003 OSt
008 250101b |||||||| |||| 00| 0 eng d
041 _aeng
100 _aGeary, A
_96716
245 _aMathematics for Technical Students 1
942 _cBK
999 _c18820
_d18820